Principios de las Naciones Unidas a favor de las personas de edad
Sábháilte in:
| Údar corparáideach: | |
|---|---|
| Formáid: | Téacs |
| Foilsithe / Cruthaithe: |
San José:
DH
|
| Ábhair: | |
| Clibeanna: |
Cuir clib leis
Níl clibeanna ann, Bí ar an gcéad duine le clib a chur leis an taifead seo!
|
MARC
| LEADER | 00000 a a2200000 04500 | ||
|---|---|---|---|
| 001 | 26801 | ||
| 003 | |||
| 040 | |a CRAI/IIS |c CRAI/IIS | ||
| 090 | |a 149900 | ||
| 110 | |a Costa Rica. Defensoría de los Habitantes | ||
| 245 | |a Principios de las Naciones Unidas a favor de las personas de edad | ||
| 260 | |a San José: |b DH | ||
| 300 | |a 4 p. | ||
| 650 | |a ANCIANOS | ||
| 650 | |a ONU | ||
| 650 | |a SISTEMA DE LAS NACIONES UNIDAS | ||
| 650 | |a ASAMBLEA GENERAL DE LA ONU | ||
| 650 | |a RESOLUCIONES | ||
| 999 | |c 13980 |d 13980 | ||
